000 00465nam a2200181Ia 4500
003 GCL
008 140319s9999 xx 000 0 eng d
020 _a1592530044
040 _aGCL /
_cGCL
082 0 4 _a745.5941
_bR B
245 1 0 _aTHE BEST OF BUSINESS CARD DESIGN
260 _aنيويورك :
_bROCKPORT PUBLISHERS INC. ،
_c2003
300 _a32 CM ؛
_c352 P
650 0 4 _aCARDS
650 0 4 _aHAND CRAFTS
650 0 4 _aDECORATIVE ARTS
942 _2ddc
_cBK
999 _c6578
_d6578